[Event "Kupreichik Memorial Open 2018"]
[Site "Minsk"]
[Date "2018.06.22"]
[Round "6"]
[White "Meshkovs, Nikita"]
[Black "Zhukova, Natalia"]
[Result "1-0"]
[WhiteElo "2572"]
[BlackElo "2356"]
[Annotator "TA"]
[PlyCount "97"]
[EventDate "2018.06.21"]
[EventCountry "BLR"]
[SourceTitle "playchess.com"]
[Source "ChessBase"]
[SourceQuality "1"]

{[%evp 16,97,39,5,17,2,14,9,25,0,14,-25,-8,-18,0,0,30,0,0,0,0,0,17,-28,-34,-22,44,33,56,68,65,0,82,90,103,103,103,112,106,92,146,93,154,154,139,146,169,169,169,168,226,203,264,259,243,261,281,274,322,323,349,325,326,307,387,374,389,374,378,384,475,440,448,450,497,490,2188,2039,1549,1277,29986,29987,29988,29989]} 1. c4 e6 2. Nf3 Nf6 3. Nc3 d5 4. e3 a6 (4... Be7 5. b3 O-O 6. Bb2 b6 7. cxd5 Nxd5 8. Nxd5 exd5 9. Qc2 c5 10. a3 Nc6 11. Bb5 Bb7 12. O-O Rc8 13. Rac1 a6 14. Be2 d4 {½-½ (36) Carlsen,M (2843)-Karjakin,S (2782) Stavanger 2018}) 5. b3 c5 6. cxd5 {A17: English Opening: 1...Nf6 with ...Bb4} exd5 7. d4 cxd4 8. Nxd4 Bb4 9. Bd2 {LiveBook: 3 Games} O-O (9... Bd6 {keeps more tension.} 10. Bd3 Nbd7 11. Bc1 O-O 12. h3 Re8) 10. Bd3 Nc6 11. Nxc6 bxc6 12. O-O Bd6 $146 13. g3 Bh3 14. Re1 h5 15. Rc1 Ng4 16. Bf1 Qf6 17. Qe2 Bxf1 18. Rxf1 Rfe8 19. Na4 Ba3 20. Rcd1 a5 (20... Qg6 $11) 21. h3 $14 Ne5 22. Qxh5 g6 23. Qh6 (23. Qe2 $1 $14) 23... Qf5 (23... Nf3+ $11 {remains equal.} 24. Kg2 Nxd2 25. Rxd2 Re4) 24. Bc3 $36 {[%mdl 2048] Threatens to win with f4. Black is under strong pressure.} Bf8 {[#]} 25. Qf4 $1 Qxf4 26. exf4 Nd7 27. Rd2 Re4 ({Black should try} 27... Nc5) 28. Kg2 ({White should play} 28. Rc1) 28... Bb4 ({Better is} 28... Nc5) 29. Rc1 Re6 30. Rdc2 Ba3 31. Bb2 Bxb2 32. Nxb2 c5 (32... Rc8 $142 33. Nd3 c5) 33. Rd2 $18 d4 34. Na4 Rd6 35. Nxc5 Nxc5 36. Rxc5 {[%mdl 4096] Endgame KRR-KRR} a4 37. b4 a3 38. Rd3 Re8 39. Ra5 Re2 40. Raxa3 Rb2 41. Ra8+ Kg7 42. a3 Rc6 43. Rd8 Rcc2 44. Rf3 Rd2 45. f5 {[%cal Bf4f5,Bf5f6][%mdl 32]} g5 (45... gxf5 $142 46. Rd5 f6 47. Rdxf5 Ra2) 46. f6+ Kh7 47. Rf8 d3 48. Rxf7+ Kh6 49. Rd7 {Precision: White = 76%, Black = 24%.} 1-0

[Event "Kupreichik Memorial Open 2018"]
[Site "Minsk"]
[Date "2018.06.22"]
[Round "6"]
[White "Arzumanian, Georgy"]
[Black "Romanovskij, Nikita"]
[Result "1-0"]
[WhiteElo "2474"]
[BlackElo "1990"]
[Annotator "TA"]
[PlyCount "91"]
[EventDate "2018.06.21"]
[EventCountry "BLR"]
[SourceTitle "playchess.com"]
[Source "ChessBase"]
[SourceQuality "1"]

{[%evp 20,91,22,8,35,28,55,21,53,51,58,56,108,117,110,52,103,75,94,89,85,57,90,68,137,107,124,88,109,93,124,133,126,112,151,122,225,112,162,132,224,227,202,162,303,314,308,312,306,287,269,148,183,172,160,154,166,148,185,164,290,259,315,287,409,401,425,405,395,401,396,293,848,863]} 1. d4 Nf6 2. Bf4 e6 3. e3 Be7 4. Nf3 O-O 5. h3 c5 6. c3 Nc6 7. Nbd2 b6 8. Bd3 Bb7 9. O-O Rc8 10. Qe2 d6 11. Bh2 {LiveBook: 8 Games. A47: 1 d4 Nf6 2 Nf3 b6: Torre, London and Colle Systems} Qc7 (11... h6 12. Rfd1 d5 13. Ne5 Nd7 14. Nxc6 Bxc6 {1-0 (39) Grachev,B (2640)-Ivanchuk,V (2781) Moscow 2008}) 12. a3 Rfe8 13. Rac1 $146 {White is slightly better.} ({Predecessor:} 13. Rfd1 Bf8 14. Rac1 e5 15. dxe5 Nxe5 16. Nxe5 dxe5 17. a4 g6 18. Bb5 Re6 {½-½ (69) Fluegel,R (2408)-Bazantova,M (2332) ICCF email 2007}) 13... Bf8 14. e4 g6 15. e5 dxe5 (15... Nd7 $1 $14) 16. dxe5 $16 Nd7 17. a4 ({White should try} 17. Rcd1 $16) 17... Bg7 (17... Red8 $14) 18. Rfe1 Rcd8 19. Nc4 Rf8 20. h4 {[%cal Bh3h4,Bh4h5][%mdl 32]} Ne7 21. h5 Bd5 (21... Bxf3 $14 22. Qxf3 Nc6) 22. Ncd2 Bc6 23. b3 Qb7 24. Ne4 Bxe4 25. Bxe4 Qc7 26. Bc2 Nd5 27. Qc4 Nb8 (27... Rfe8 $16) 28. Bb1 (28. hxg6 $18 {is more deadly.} fxg6 29. Ng5) 28... Qe7 29. Bg3 Rd7 {[#]} (29... Qe8 $16) 30. Qg4 $1 $18 Nc6 31. Ng5 f5 (31... h6 $142 32. Nf3 g5) 32. exf6 $1 Nxf6 33. Qxe6+ Qxe6 34. Nxe6 Re8 35. Nxg7 (35. hxg6 $18 Rde7 36. gxh7+ Kh8 37. Bf5) 35... Kxg7 36. Rxe8 Nxe8 37. hxg6 hxg6 38. Be4 Na5 39. b4 Nb3 (39... Nf6 {might work better.}) 40. Rb1 c4 41. Bc6 Rd8 (41... Re7 {was called for.} 42. f3 Kf6) 42. Re1 Kf7 43. Bh4 Nf6 44. Bb5 Nd2 45. Bg5 Kg7 $2 {[#]} (45... Rd5) 46. Re7+ {Precision: White = 53%, Black = 17%.} 1-0

[Event "Kupreichik Memorial Open 2018"]
[Site "Minsk"]
[Date "2018.06.22"]
[Round "6"]
[White "Notkin, Maksim"]
[Black "Sirotkina, Nina"]
[Result "1-0"]
[WhiteElo "2455"]
[BlackElo "2116"]
[Annotator "TA"]
[PlyCount "43"]
[EventDate "2018.06.21"]
[EventCountry "BLR"]
[SourceTitle "playchess.com"]
[Source "ChessBase"]
[SourceQuality "1"]

{[%evp 16,43,89,79,101,83,82,85,106,88,90,82,72,50,88,91,87,82,86,78,226,206,203,119,513,473,478,489,866,858]} 1. d4 Nf6 2. c4 c5 3. d5 e5 4. Nc3 d6 5. e4 Be7 6. g3 O-O 7. Bg2 Ne8 8. Nge2 f5 {A56: Czech Benoni} 9. O-O {LiveBook: 6 Games} a6 (9... fxe4 10. Nxe4 Bf5 11. f4 Nd7 12. h3 exf4 13. Nxf4 Ne5 14. Ne6 Bxe6 15. Rxf8+ Kxf8 16. dxe6 {½-½ (48) Ni,H (2645)-Malakhov,V (2732) Ningbo 2010}) 10. a4 fxe4 {White is better.} 11. Nxe4 Bg4 $146 ({Predecessor:} 11... Bf5 12. f4 Nd7 13. N2c3 Nc7 14. g4 Bxe4 15. Nxe4 b5 16. b3 bxc4 17. bxc4 {1-0 (27) Ristic,N (2275)-Zivkovic,N (2072) Senta 2008}) 12. f3 Bf5 13. N2c3 Nd7 14. h3 Rb8 15. f4 exf4 16. Bxf4 h6 17. Qe2 Ndf6 {[#]} (17... g5 $16 {is a better defense.}) 18. Nxc5 $1 $18 {[%mdl 512]} Qb6 (18... dxc5 19. Bxb8) 19. Qxe7 (19. Be3 $18 dxc5 20. Rxf5) 19... Bd3 $2 {[%mdl 8192]} (19... Qxc5+ $16 {is more resistant.} 20. Qe3 (20. Be3 Qc8 $16) 20... Nd7 21. Qxc5 Nxc5) 20. Qe3 {White is clearly winning.} Bxf1 21. Rxf1 dxc5 (21... Rf7 $142 22. Ne6 Qxb2) 22. Bxb8 {Precision: White = 62%, Black = 36%.} 1-0

[Event "Kupreichik Memorial Open 2018"]
[Site "Minsk"]
[Date "2018.06.22"]
[Round "6"]
[White "Shevchenko, Kirill"]
[Black "Mamedov, Rauf"]
[Result "0-1"]
[WhiteElo "2432"]
[BlackElo "2711"]
[Annotator "TA"]
[PlyCount "120"]
[EventDate "2018.06.21"]
[EventCountry "BLR"]
[SourceTitle "playchess.com"]
[Source "ChessBase"]
[SourceQuality "1"]

{[%evp 18,120,45,37,40,30,29,20,31,41,41,46,44,30,39,-12,-8,-50,-40,-46,-35,-46,-45,-49,-39,-50,-58,-45,-46,-93,-79,-67,-70,-64,-45,-86,-49,-70,-58,-83,-84,-75,-80,-80,-74,-83,-93,-187,-191,-209,-213,-220,-228,-225,-241,-328,-277,-440,-429,-417,-402,-447,-432,-789,-789,-770,-733,-616,-402,-395,-404,-486,-486,-471,-409,-454,-408,-389,-386,-377,-344,-336,-336,-413,-370,-349,-333,-490,-480,-558,-551,-579,-562,-553,-546,-608,-595,-686,-789,-1239,-1179,-1130,-1130,-1304,-1302]} 1. d4 d6 2. Nf3 Nf6 3. c4 g6 4. Nc3 Bf5 5. g3 Bg7 6. Bg2 O-O 7. O-O Nc6 8. Ne1 Qd7 9. e4 {E62: King's Indian: Fianchetto: 6...c6 and Panno Variation (6...Nc6) without ...a6} Bh3 10. Nc2 {LiveBook: 36 Games} Rae8 11. d5 $146 {White is slightly better.} ({Predecessor:} 11. f4 e5 12. dxe5 dxe5 13. Qxd7 Bxd7 14. fxe5 Nxe5 15. b3 Re6 16. Ba3 Rfe8 {0-1 (50) Djuric,S (2440)-Gufeld,E (2510) Tbilisi (Georgia) 1980}) 11... Ne5 12. Qe2 Bxg2 13. Kxg2 e6 $1 14. f4 Neg4 15. h3 Nh6 {Black wants to play ...exd5.} 16. Qf3 (16. Qd3 $14) 16... exd5 $11 17. cxd5 Nxe4 $1 18. Nxe4 {Black must now prevent Re1.} Qa4 $1 {[%csl LRc2,LRe4]} 19. Nc3 $1 {[%cal Rc3a4]} Qxc2+ 20. Rf2 Qf5 21. g4 Qd7 22. f5 {And now f6 would win.} f6 $1 23. Bd2 Nf7 24. Raf1 gxf5 25. gxf5 Ne5 26. Qh5 Qf7 27. Qh4 Kh8 $1 $36 {[%mdl 2048] Black has the initiative.} 28. Kh1 Rg8 29. Rg2 {[#]} Bf8 $1 30. Rxg8+ Kxg8 31. Rg1+ Kh8 {...Nf3 is the strong threat.} 32. Ne4 (32. Rg3 $17) 32... Bg7 $19 33. Qg3 Rg8 34. Nc3 Qh5 {Hoping for ...Nf3.} 35. Be3 Qxf5 36. Nb5 Nc4 37. Kh2 (37. Nc3 $142) 37... Nxe3 38. Qxe3 Qxd5 39. Nxc7 Qxa2 40. Qc3 (40. Qe6 $142 Qxb2+ 41. Kh1) 40... Qf7 ({Weaker is} 40... f5 {[#]} 41. Rxg7 $1 {[%mdl 512]} Rxg7 42. Ne8 $17) 41. Nb5 Qd5 42. Nc7 Qe5+ 43. Qxe5 fxe5 {[%mdl 4096] Endgame KRB-KRN} ({Much less strong is} 43... dxe5 44. Ne6 $19) 44. b4 e4 45. Re1 Be5+ 46. Kh1 Rg3 47. Rxe4 Rxh3+ 48. Kg2 Rd3 49. Ne6 Kg8 50. b5 Rg3+ 51. Kf2 {intending Rxe5!} Rb3 52. Nc7 (52. Ra4 {only move.}) 52... Kf7 {Black is clearly winning.} 53. Kg2 Rc3 54. Nd5 Rc5 55. Ne3 Rxb5 56. Rh4 Rb3 57. Nd5 a5 58. Rxh7+ Ke6 59. Nc7+ Kf5 60. Rf7+ Ke4 {Precision: White = 39%, Black = 84%.} 0-1

[Event "Kupreichik Memorial Open 2018"]
[Site "Minsk"]
[Date "2018.06.22"]
[Round "6"]
[White "Bernotas, Arturs"]
[Black "Fedorov, Alexei"]
[Result "0-1"]
[WhiteElo "2410"]
[BlackElo "2577"]
[Annotator "TA"]
[PlyCount "87"]
[EventDate "2018.06.21"]
[EventCountry "BLR"]
[SourceTitle "playchess.com"]
[Source "ChessBase"]
[SourceQuality "1"]

{[%evp 18,87,27,27,46,39,48,42,56,46,96,93,89,97,109,0,0,0,106,0,0,-25,-20,-71,-53,-292,-233,-244,-256,-293,-295,-294,-283,-369,-371,-369,-369,-369,-369,-369,-327,-479,-511,-474,-472,-705,-695,-687,-666,-716,-706,-670,-628,-628,-625,-602,0,-571,0,-660,-650,-758,-720,-741,-641,-731,-708,-816,-797,-1027,-703,-752]} 1. e4 c5 2. Nf3 Nc6 3. Bb5 e6 4. O-O Nge7 5. d4 cxd4 6. Nxd4 Qb6 7. Nxc6 {B30: Sizilianisch (Rossolimo-Variante)} bxc6 8. Bd3 Ng6 9. c4 Be7 10. Nc3 {LiveBook: 10 Partien} c5 $146 ({Vorgänger:} 10... O-O 11. Na4 Qc7 12. c5 d5 13. cxd6 Bxd6 14. g3 c5 {1-0 (27) Caruana,F (2811)-Lenic,L (2662) chess.com INT 2018}) 11. f4 O-O 12. Rb1 a6 13. Be3 Qc7 14. Qh5 $1 f6 15. Rf3 {zielt auf Th3 ab.} Rf7 16. e5 ({Günstiger ist} 16. Rbf1 $16) 16... f5 $1 $11 17. g4 {[%cal Rg4f5]} ({Finger weg von} 17. Rh3 Nf8 $14) 17... fxg4 (17... Nh4 $1 $11 18. gxf5 (18. Rh3 g6 $15) 18... Nxf5) 18. Rg3 (18. Bxg6 $16 hxg6 19. Qxg4) 18... Bb7 19. Rxg4 Bf3 20. h3 (20. Bxg6 $11 {bleibt in der Remisbreite.} hxg6 21. Qxg6 Bxg4 22. Qxg4) 20... Raf8 $17 {Und weiter mit ...Tf5 wäre nett.} 21. Rf1 $2 (21. Bxg6 $15 hxg6 22. Qxg6) 21... Rf5 $1 $19 {[%cal Rf5h5]} 22. Bxf5 Rxf5 23. Qxf5 exf5 24. Rxg6 {[#]} Bb7 $1 ({Nicht} 24... hxg6 25. Rxf3 Bd8 26. b3 $17) 25. Rg2 Bxg2 26. Kxg2 {[#]} Qb7+ $1 27. Nd5 Qxb2+ 28. Rf2 Qb7 29. Bc1 (29. Kg3 $142 Bd8 30. Bxc5) 29... Bh4 30. Rb2 Qc6 31. Be3 (31. Kh2 $142) 31... Qg6+ 32. Kf1 Qg3 33. Rb8+ Kf7 34. Rb7 Qe1+ 35. Kg2 Qe2+ 36. Kg1 Qe1+ 37. Kg2 $1 Qg3+ 38. Kf1 Qxh3+ {Schwarz steht klar auf Gewinn.} 39. Kg1 Qg4+ 40. Kf1 Qd1+ 41. Kg2 Qa4 42. Kh3 Bd8 43. Bxc5 Kg6 44. Bb6 {Precision: Weiß = 42%, Schwarz = 72%.} 0-1

[Event "Kupreichik Memorial Open 2018"]
[Site "Minsk"]
[Date "2018.06.22"]
[Round "6"]
[White "Tihonov, Jurij"]
[Black "Shvedau, Mikhail"]
[Result "1/2-1/2"]
[WhiteElo "2385"]
[BlackElo "1742"]
[Annotator "NA"]
[PlyCount "112"]
[EventDate "2018.06.21"]
[EventCountry "BLR"]
[SourceTitle "playchess.com"]
[Source "ChessBase"]
[SourceQuality "1"]
[TimeControl "900+10"]

1. d4 {[%emt 0:00:00]} f5 {[%emt 0:00:02]} 2. g3 {[%emt 0:00:00]} Nf6 {[%emt 0:00:04]} 3. Nh3 {[%emt 0:00:00]} e6 {[%emt 0:00:08]} 4. Bg2 {[%emt 0:00:00]} d5 {[%emt 0:00:02]} 5. O-O {[%emt 0:00:06]} Bd6 {[%emt 0:00:06]} 6. Bf4 {[%emt 0:00:04]} O-O {[%emt 0:00:06]} 7. Bxd6 {[%emt 0:00:00]} cxd6 {[%emt 0:00:22]} 8. Nf4 {[%emt 0:00:05]} g5 {[%emt 0:00:36]} 9. Nd3 {[%emt 0:00:02]} Nc6 {[%emt 0:00:02]} 10. e3 {[%emt 0:00:05]} e5 {[%emt 0:00:06]} 11. Nc3 {[%emt 0:00:16]} Be6 {[%emt 0:00:20]} 12. dxe5 {[%emt 0:00:07]} dxe5 {[%emt 0:00:04]} 13. Nc5 {[%emt 0:00:01]} Bf7 {[%emt 0:00:15]} 14. Nxb7 {[%emt 0:00:11]} Qe7 {[%emt 0:00:18]} 15. Nxd5 {[%emt 0:00:24]} Nxd5 {[%emt 0:00:05]} 16. Bxd5 {[%emt 0:00:01]} Qxb7 {[%emt 0:00:17]} 17. Qf3 {[%emt 0:00:09]} Bxd5 {[%emt 0:00:30]} 18. Qxd5+ {[%emt 0:00:02]} Rf7 {[%emt 0:00:01]} 19. Rfd1 {[%emt 0:00:08]} Rd8 {[%emt 0:00:23]} 20. Qe6 {[%emt 0:00:14]} Qc7 {[%emt 0:01:36]} 21. c4 {[%emt 0:00:15]} f4 {[%emt 0:00:15]} 22. exf4 {[%emt 0:00:19]} exf4 {[%emt 0:00:04]} 23. Rd5 {[%emt 0:00:09]} Rxd5 {[%emt 0:00:09]} 24. cxd5 {[%emt 0:00:02]} Nd4 {[%emt 0:00:15]} 25. Qe4 {[%emt 0:00:24]} fxg3 {[%emt 0:00:32]} 26. hxg3 {[%emt 0:00:02]} Nf3+ {[%emt 0:00:13]} 27. Kg2 {[%emt 0:00:05]} Qc5 {[%emt 0:00:27]} 28. Rd1 {[%emt 0:00:29]} Qd6 {[%emt 0:02:07]} 29. Qe6 {[%emt 0:00:14]} Qc5 {[%emt 0:00:18]} 30. Qe2 {[%emt 0:01:20]} Nd4 {[%emt 0:00:31]} 31. Qe8+ {[%emt 0:00:07]} Rf8 {[%emt 0:00:02]} 32. Qe4 {[%emt 0:00:13]} Nf5 {[%emt 0:01:57]} 33. Rd2 {[%emt 0:00:03]} Qd6 {[%emt 0:00:06]} 34. b4 {[%emt 0:00:09]} h5 {[%emt 0:00:15]} 35. Qe6+ {[%emt 0:01:09]} Qxe6 {[%emt 0:00:22]} 36. dxe6 {[%emt 0:00:02]} Kg7 {[%emt 0:00:01]} 37. Rd7+ {[%emt 0:00:04]} Kf6 {[%emt 0:00:01]} 38. Rxa7 {[%emt 0:00:01]} Kxe6 {[%emt 0:00:04]} 39. b5 {[%emt 0:00:01]} Rb8 {[%emt 0:00:05]} 40. a4 {[%emt 0:00:01]} Nd6 {[%emt 0:00:11]} 41. Ra6 {[%emt 0:00:27]} Ke5 {[%emt 0:00:20]} 42. b6 {[%emt 0:00:03]} Nc4 {[%emt 0:00:14]} 43. a5 {[%emt 0:00:03]} Kd5 {[%emt 0:00:01]} 44. Ra7 {[%emt 0:00:16]} Kc6 {[%emt 0:00:05]} 45. Rg7 {[%emt 0:00:18]} Nxa5 {[%emt 0:00:08]} 46. Rg6+ {[%emt 0:00:04]} Kb7 {[%emt 0:00:18]} 47. Rxg5 {[%emt 0:00:01]} Kxb6 {[%emt 0:00:01]} 48. Rxh5 {[%emt 0:00:02]} Nc6 {[%emt 0:00:03]} 49. f4 {[%emt 0:00:02]} Kc7 {[%emt 0:00:03]} 50. Rd5 {[%emt 0:00:05]} Rd8 {[%emt 0:00:04]} 51. Rh5 {[%emt 0:00:24]} Kd7 {[%emt 0:00:03]} 52. Kf3 {[%emt 0:00:01]} Ke7 {[%emt 0:00:04]} 53. g4 {[%emt 0:00:03]} Rf8 {[%emt 0:00:07]} 54. Rc5 {[%emt 0:00:05]} Nd4+ {[%emt 0:00:07]} 55. Ke4 {[%emt 0:00:02]} Ne6 {[%emt 0:00:01]} 56. Rf5 {[%emt 0:00:08]} Rxf5 {[%emt 0:00:12]} 1/2-1/2

[Event "Kupreichik Memorial Open 2018"]
[Site "Minsk"]
[Date "2018.06.22"]
[Round "6"]
[White "Barskij, Vladimir"]
[Black "Kalinin, Dmitry"]
[Result "1/2-1/2"]
[WhiteElo "2352"]
[BlackElo "1995"]
[Annotator "NA"]
[PlyCount "73"]
[EventDate "2018.06.21"]
[EventCountry "BLR"]
[SourceTitle "playchess.com"]
[Source "ChessBase"]
[SourceQuality "1"]
[TimeControl "900+10"]

1. e4 {[%emt 0:00:00]} e6 {[%emt 0:00:04]} 2. d4 {[%emt 0:00:00]} d5 {[%emt 0:00:05]} 3. exd5 {[%emt 0:00:00]} exd5 {[%emt 0:00:05]} 4. Nf3 {[%emt 0:00:00]} Nf6 {[%emt 0:00:09]} 5. Bd3 {[%emt 0:00:09]} Be7 {[%emt 0:00:27]} 6. O-O {[%emt 0:00:08]} O-O {[%emt 0:00:07]} 7. Re1 {[%emt 0:00:14]} Bg4 {[%emt 0:00:08]} 8. h3 {[%emt 0:00:04]} Bh5 {[%emt 0:00:01]} 9. Bg5 {[%emt 0:00:27]} Nc6 {[%emt 0:00:49]} 10. c3 {[%emt 0:00:04]} Re8 {[%emt 0:01:22]} 11. Nbd2 {[%emt 0:00:05]} Nd7 {[%emt 0:03:16]} 12. Bxe7 {[%emt 0:01:13]} Rxe7 {[%emt 0:00:12]} 13. Qb3 {[%emt 0:00:16]} Nb6 {[%emt 0:00:24]} 14. Rxe7 {[%emt 0:00:44]} Qxe7 {[%emt 0:00:36]} 15. Re1 {[%emt 0:00:03]} Qf6 {[%emt 0:00:20]} 16. Bb5 {[%emt 0:02:42]} a6 {[%emt 0:02:31]} 17. Bxc6 {[%emt 0:00:38]} Qxc6 {[%emt 0:00:01]} 18. Ne5 {[%emt 0:00:08]} Qd6 {[%emt 0:00:07]} 19. Nd3 {[%emt 0:00:32]} h6 {[%emt 0:02:27]} 20. Nc5 {[%emt 0:02:01]} Rb8 {[%emt 0:00:02]} 21. Re5 {[%emt 0:00:55]} Bg6 {[%emt 0:00:08]} 22. g3 {[%emt 0:00:11]} Qc6 {[%emt 0:02:32]} 23. h4 {[%emt 0:00:22]} Re8 {[%emt 0:00:06]} 24. Rxe8+ {[%emt 0:01:16]} Qxe8 {[%emt 0:00:01]} 25. Qd1 {[%emt 0:00:05]} Qc8 {[%emt 0:00:50]} 26. Qe2 {[%emt 0:00:50]} Kf8 {[%emt 0:00:07]} 27. b3 {[%emt 0:02:59]} Bf5 {[%emt 0:00:59]} 28. Qe5 {[%emt 0:00:23]} f6 {[%emt 0:00:10]} 29. Qf4 {[%emt 0:00:08]} Kf7 {[%emt 0:00:37]} 30. Nf1 {[%emt 0:01:05]} g5 {[%emt 0:00:03]} 31. hxg5 {[%emt 0:00:02]} hxg5 {[%emt 0:00:01]} 32. Qf3 {[%emt 0:00:31]} Bg4 {[%emt 0:00:01]} 33. Qh1 {[%emt 0:00:03]} Qf5 {[%emt 0:00:51]} 34. Ne3 {[%emt 0:01:06]} Qb1+ {[%emt 0:00:03]} 35. Kh2 {[%emt 0:00:03]} Qh7+ {[%emt 0:00:07]} 36. Kg1 {[%emt 0:00:02]} Qb1+ {[%emt 0:00:02]} 37. Kh2 {[%emt 0:00:01]} 1/2-1/2

[Event "Kupreichik Memorial Open 2018"]
[Site "Minsk"]
[Date "2018.06.22"]
[Round "6"]
[White "Nomin-Erdene, Davaademberel"]
[Black "Tsaruk, Maksim"]
[Result "1-0"]
[WhiteElo "2312"]
[BlackElo "1980"]
[Annotator "NA"]
[PlyCount "113"]
[EventDate "2018.06.21"]
[EventCountry "BLR"]
[SourceTitle "playchess.com"]
[Source "ChessBase"]
[SourceQuality "1"]
[TimeControl "900+10"]

1. e4 {[%emt 0:00:00]} e5 {[%emt 0:00:04]} 2. Nf3 {[%emt 0:00:00]} Nc6 {[%emt 0:00:09]} 3. Bb5 {[%emt 0:00:00]} a6 {[%emt 0:00:07]} 4. Ba4 {[%emt 0:00:00]} Nf6 {[%emt 0:00:07]} 5. O-O {[%emt 0:00:00]} b5 {[%emt 0:00:06]} 6. Bb3 {[%emt 0:00:00]} Be7 {[%emt 0:00:05]} 7. Re1 {[%emt 0:00:01]} O-O {[%emt 0:00:04]} 8. c3 {[%emt 0:00:04]} d6 {[%emt 0:00:14]} 9. h3 {[%emt 0:00:04]} Na5 {[%emt 0:00:04]} 10. Bc2 {[%emt 0:00:01]} c5 {[%emt 0:00:06]} 11. d4 {[%emt 0:00:01]} Qc7 {[%emt 0:00:05]} 12. d5 {[%emt 0:00:03]} Bd7 {[%emt 0:02:23]} 13. b3 {[%emt 0:00:20]} Rfb8 {[%emt 0:02:09]} 14. Nbd2 {[%emt 0:00:36]} Bf8 {[%emt 0:00:24]} 15. Nf1 {[%emt 0:00:33]} g6 {[%emt 0:00:04]} 16. Ng3 {[%emt 0:00:51]} Nb7 {[%emt 0:01:54]} 17. Bg5 {[%emt 0:00:46]} Ne8 {[%emt 0:00:03]} 18. Qd2 {[%emt 0:00:25]} Nd8 {[%emt 0:00:26]} 19. Nh2 {[%emt 0:00:37]} f6 {[%emt 0:04:25]} 20. Be3 {[%emt 0:01:10]} Nf7 {[%emt 0:00:07]} 21. Rf1 {[%emt 0:01:46]} Ng7 {[%emt 0:02:35]} 22. f4 {[%emt 0:00:19]} exf4 {[%emt 0:00:01]} 23. Rxf4 {[%emt 0:00:15]} Be7 {[%emt 0:00:03]} 24. Raf1 {[%emt 0:00:50]} Rf8 {[%emt 0:00:02]} 25. R4f2 {[%emt 0:01:48]} Rae8 {[%emt 0:00:07]} 26. Ne2 {[%emt 0:00:07]} Bd8 {[%emt 0:01:12]} 27. Nf3 {[%emt 0:01:48]} Qa5 {[%emt 0:01:39]} 28. Bb1 {[%emt 0:00:22]} Qc7 {[%emt 0:00:20]} 29. b4 {[%emt 0:00:12]} a5 {[%emt 0:00:39]} 30. a3 {[%emt 0:00:21]} Be7 {[%emt 0:00:13]} 31. Rd1 {[%emt 0:00:33]} Rc8 {[%emt 0:00:07]} 32. bxc5 {[%emt 0:01:12]} dxc5 {[%emt 0:00:01]} 33. Bf4 {[%emt 0:00:57]} Bd6 {[%emt 0:00:01]} 34. Bxd6 {[%emt 0:00:05]} Nxd6 {[%emt 0:00:01]} 35. Rdf1 {[%emt 0:00:26]} Rce8 {[%emt 0:00:23]} 36. Ng3 {[%emt 0:00:32]} Kh8 {[%emt 0:00:23]} 37. Qf4 {[%emt 0:00:30]} Qb8 {[%emt 0:00:12]} 38. Nh2 {[%emt 0:00:38]} g5 {[%emt 0:00:08]} 39. Qc1 {[%emt 0:00:06]} Nc4 {[%emt 0:00:06]} 40. Ne2 {[%emt 0:00:19]} Qd8 {[%emt 0:00:07]} 41. Nf3 {[%emt 0:00:34]} h6 {[%emt 0:00:20]} 42. Bd3 {[%emt 0:00:05]} Nd6 {[%emt 0:00:05]} 43. e5 {[%emt 0:00:17]} fxe5 {[%emt 0:00:10]} 44. Nxe5 {[%emt 0:00:02]} Rxf2 {[%emt 0:00:01]} 45. Ng6+ {[%emt 0:00:01]} Kg8 {[%emt 0:00:01]} 46. Rxf2 {[%emt 0:00:01]} Bf5 {[%emt 0:00:23]} 47. Qb1 {[%emt 0:00:35]} Bxd3 {[%emt 0:00:06]} 48. Qxd3 {[%emt 0:00:01]} Qd7 {[%emt 0:00:25]} 49. Ng3 {[%emt 0:00:14]} b4 {[%emt 0:00:06]} 50. axb4 {[%emt 0:00:12]} axb4 {[%emt 0:00:00]} 51. cxb4 {[%emt 0:00:35]} cxb4 {[%emt 0:00:01]} 52. Qd4 {[%emt 0:01:26]} b3 {[%emt 0:00:28]} 53. Qf6 {[%emt 0:00:26]} Ne4 {[%emt 0:00:14]} 54. Nxe4 {[%emt 0:00:12]} Rxe4 {[%emt 0:00:01]} 55. Ne5 {[%emt 0:00:36]} Qxd5 {[%emt 0:00:11]} 56. Ng4 {[%emt 0:00:09]} h5 {[%emt 0:00:16]} 57. Qf8+ {[%emt 0:00:08]} 1-0